<?xml version="1.0" encoding="UTF-8"?>
<record
    xmlns:xsi="http://www.w3.org/2001/XMLSchema-instance"
    xsi:schemaLocation="http://www.loc.gov/MARC21/slim http://www.loc.gov/standards/marcxml/schema/MARC21slim.xsd"
    xmlns="http://www.loc.gov/MARC21/slim">

  <leader>01401na  a2200361   4500</leader>
  <controlfield tag="001">24449</controlfield>
  <controlfield tag="003">MIRAKIL</controlfield>
  <controlfield tag="005">20181226104235.0</controlfield>
  <controlfield tag="008">181018b        tu            000 0      </controlfield>
  <datafield tag="020" ind1=" " ind2=" ">
    <subfield code="a">9789944605397</subfield>
  </datafield>
  <datafield tag="035" ind1=" " ind2=" ">
    <subfield code="a">16443</subfield>
  </datafield>
  <datafield tag="041" ind1=" " ind2=" ">
    <subfield code="a">tur</subfield>
  </datafield>
  <datafield tag="082" ind1=" " ind2=" ">
    <subfield code="a">330.9561015</subfield>
    <subfield code="b">&#xD6;92o 2010</subfield>
  </datafield>
  <datafield tag="090" ind1=" " ind2=" ">
    <subfield code="a">330.9561015 &#xD6;92o 2010</subfield>
  </datafield>
  <datafield tag="100" ind1=" " ind2=" ">
    <subfield code="a">&#xD6;zdemir, Biltekin</subfield>
  </datafield>
  <datafield tag="245" ind1=" " ind2=" ">
    <subfield code="a">Osmanl&#x131; Devleti d&#x131;&#x15F; bor&#xE7;lar&#x131;</subfield>
    <subfield code="b">1854-1954 d&#xF6;neminde y&#xFC;zy&#x131;l s&#xFC;ren boyunduruk</subfield>
    <subfield code="c">Biltekin &#xD6;zdemir</subfield>
  </datafield>
  <datafield tag="246" ind1=" " ind2=" ">
    <subfield code="a">1854-1954 d&#xF6;neminde y&#xFC;zy&#x131;l s&#xFC;ren boyunduruk</subfield>
  </datafield>
  <datafield tag="260" ind1=" " ind2=" ">
    <subfield code="a">Ankara </subfield>
    <subfield code="b">Ankara Ticaret Odas&#x131;</subfield>
    <subfield code="c">2010</subfield>
  </datafield>
  <datafield tag="300" ind1=" " ind2=" ">
    <subfield code="a">172 s.</subfield>
    <subfield code="b">tbl. res.</subfield>
    <subfield code="c">23 sm.</subfield>
  </datafield>
  <datafield tag="505" ind1=" " ind2=" ">
    <subfield code="a">1854-1914 Bor&#xE7;lanmalar&#x131;, Galata bankerleri ve Osmanl&#x131; bankas&#x131;, D&#xFC;yun-u Umumiye &#x130;daresi, T&#xFC;rkiye Cumhuriyeti'nin kabul etti&#x11F;i Osmanl&#x131; devlet bor&#xE7;lar&#x131;</subfield>
  </datafield>
  <datafield tag="650" ind1=" " ind2=" ">
    <subfield code="a">Bor&#xE7;lar</subfield>
    <subfield code="d">1854-1914</subfield>
    <subfield code="x">Kamu</subfield>
    <subfield code="z">T&#xFC;rkiye</subfield>
  </datafield>
  <datafield tag="650" ind1=" " ind2=" ">
    <subfield code="a">Osmanl&#x131; bankas&#x131;</subfield>
    <subfield code="x">Bor&#xE7;lar</subfield>
  </datafield>
  <datafield tag="650" ind1=" " ind2=" ">
    <subfield code="a">D&#x131;&#x15F; bor&#xE7;lar</subfield>
    <subfield code="x">Tarih</subfield>
    <subfield code="y">Osmanl&#x131; d&#xF6;nemi</subfield>
    <subfield code="z">T&#xFC;rkiye</subfield>
  </datafield>
  <datafield tag="650" ind1=" " ind2=" ">
    <subfield code="a">Osmanl&#x131; Devleti</subfield>
    <subfield code="x">Ekonomi politikas&#x131;</subfield>
  </datafield>
  <datafield tag="651" ind1=" " ind2=" ">
    <subfield code="a">T&#xFC;rkiye</subfield>
    <subfield code="x">Ekonomik durum</subfield>
    <subfield code="y">1854-1914</subfield>
  </datafield>
  <datafield tag="657" ind1=" " ind2=" ">
    <subfield code="a">Osmanl&#x131; bor&#xE7;lar&#x131;</subfield>
  </datafield>
  <datafield tag="740" ind1=" " ind2=" ">
    <subfield code="a">T&#xFC;rkiye Cumhuriyeti'nin kabul etti&#x11F;i Osmanl&#x131; devlet bor&#xE7;lar&#x131;</subfield>
  </datafield>
  <datafield tag="740" ind1=" " ind2=" ">
    <subfield code="a">D&#xFC;yun-u Umumiye &#x130;daresi</subfield>
  </datafield>
  <datafield tag="740" ind1=" " ind2=" ">
    <subfield code="a">Galata bankerleri ve Osmanl&#x131; bankas&#x131;</subfield>
  </datafield>
  <datafield tag="740" ind1=" " ind2=" ">
    <subfield code="a">1854-1914 Bor&#xE7;lanmalar&#x131;</subfield>
  </datafield>
  <datafield tag="942" ind1=" " ind2=" ">
    <subfield code="2">ddc</subfield>
    <subfield code="c">BKS</subfield>
  </datafield>
  <datafield tag="040" ind1=" " ind2=" ">
    <subfield code="a">Milas</subfield>
    <subfield code="b">tur</subfield>
    <subfield code="c">TR-AnCHP</subfield>
  </datafield>
  <datafield tag="952" ind1=" " ind2=" ">
    <subfield code="5">0</subfield>
    <subfield code="a">0002</subfield>
    <subfield code="b">0002</subfield>
    <subfield code="d">2018-10-18</subfield>
    <subfield code="l">0</subfield>
    <subfield code="o">330.9561015 &#xD6;92o 2010</subfield>
    <subfield code="p">P00220</subfield>
    <subfield code="r">2018-10-18 00:00:00</subfield>
    <subfield code="v">0.00</subfield>
    <subfield code="w">2018-10-18</subfield>
    <subfield code="x"> </subfield>
    <subfield code="y">BKS</subfield>
  </datafield>
  <datafield tag="999" ind1=" " ind2=" ">
    <subfield code="c">11812</subfield>
    <subfield code="d">11812</subfield>
  </datafield>
</record>
